Whaddaya say: guide practice in relaxed spoken english
保存先:
| 第一著者: | |
|---|---|
| フォーマット: | 図書 |
| 言語: | 英語 |
| 出版事項: |
Upper Saddle River
Prentice Hall
1982
|
| 主題: | |
| タグ: |
タグ追加
タグなし, このレコードへの初めてのタグを付けませんか!
|
MARC
| LEADER | 00000nam a2200000 a 4500 | ||
|---|---|---|---|
| 001 | UCQ3016 | ||
| 003 | CL-VaPUC | ||
| 008 | 980817e19820000us |||||||||||||||||eng|d | ||
| 082 | 0 | 4 | |a 421.52 |b WEI |2 21 |
| 100 | 0 | |a Weinstein, Nina |e author |9 417059 | |
| 245 | 1 | 0 | |a Whaddaya say: guide practice in relaxed spoken english |
| 300 | |a 68 p | ||
| 942 | |c BK | ||
| 945 | |d 19980817 00:00:00 |a aarredon | ||
| 260 | |a Upper Saddle River |b Prentice Hall |c 1982 | ||
| 650 | 0 | |a Inglés |9 260023 | |
| 650 | 0 | |a Gramática |9 270497 | |
| 650 | 0 | |a Enseñanza de idiomas |9 339820 | |
| 650 | 7 | |a PRONUNCIACION |2 CL-VaPUC |9 371723 | |
| 650 | 0 | |a Métodos de enseñanza |9 270413 | |
| 650 | 0 | |a Educación lingüística |9 306506 | |
| 999 | |c 273688 |d 273686 | ||
| 583 | |k Rodrigo Vera | ||
| 952 | |0 0 |1 0 |4 0 |6 421_520000000000000_WEI_1982 |7 0 |8 A |9 309496 |a BIBEDU |b BIBEDU |d 2019-11-20 |i 3450902 |o 421.52 WEI 1982 |p 3450902 |r 2019-11-20 |w 2019-11-20 |y BK |k LIT | ||